| 000 | 00584nam a2200241Ia 4500 | ||
|---|---|---|---|
| 003 | EC-GqESP | ||
| 005 | 20251106090516.0 | ||
| 008 | 250425s9999 xx 000 0 und d | ||
| 010 | _a75559 | ||
| 020 | _a9701509919 | ||
| 041 | _aspa | ||
| 082 |
_a658.5752 _pALC |
||
| 100 | _aALCAIDE MARZAL, JORGE | ||
| 245 | 0 | _aDISEÑO DE PRODUCTO: METODOS Y TECNICAS | |
| 250 | _a1A ED. | ||
| 260 | _aMEXICO | ||
| 260 |
_aMéxico _bALFAOMEGA _c2004 |
||
| 300 | _a378 | ||
| 650 | _aDISEÑO DE PRODUCTOS | ||
| 650 | _aDISEÑO INDUSTRIAL | ||
| 650 | _aNUEVOS PRODUCTOS | ||
| 942 | _c01 | ||
| 999 |
_c229664 _d229664 |
||